Największe państwa świata - Statystyki

Ogólne statystyki
  • Ten quiz został rozwiązany 26 razy
  • Średni wynik to 9 z 10
Statystyki odpowiedzi
Miejsce Państwo % Poprawnych
5 Brazylia
100%
3 Chiny
100%
2 Kanada
100%
1 Rosja
100%
4 Stany Zjednoczone
100%
6 Australia
96%
9 Kazachstan
91%
7 Indie
87%
8 Argentyna
78%
10 Algieria
61%
Nie znaleziono quizów pasujących do podanych kryteriów
Rozkład punktacji
Procent ludzi z każdym wynikiem
Percentyl według liczby udzielonych odpowiedzi
Twoja historia wyników
Nie rozwiązałeś tego quizu